LEADER 00890nam0 2200265 450 001 000036672 005 20140709093049.0 100 $a20140613d1917----km-y0itaa50------ba 101 0 $aeng 102 $aGB 200 1 $aBallads and poems$fby John Masefield 210 $aLondon$c<> Mathews$d1917 215 $a99 p.$d20 cm. 676 $a821$v(22. ed.)$9Poesia inglese 700 1$aMasefield,$bJohn$0132333 801 0$aIT$bUniversità della Basilicata - B.I.A.$gREICAT$2unimarc 912 $a000036672 996 $aBallads and poems$9102729 997 $aUNIBAS CAT $aSTD097$b01$c20140613$lBAS01$h1019 CAT $aTTM$b30$c20140709$lBAS01$h0930 CAT $aBATCH$b00$c20180801$lBAS01$h1239 FMT Z30 -1$lBAS01$LBAS01$mBOOK$1BASA1$APolo Storico-Umanistico$2FROS$BFondo Rostirolla$3FRost/2547$62547$5D2547$820140613$f98$FConsultazione all $aall $n0009374